Lanean...
AQUATIC BIORESOURCES OF ASHTAMUDI LAKE, RAMSAR SITE, KERALA
Ninety one species of f ishes and shellf ishes belonging to 39 families were collected from the Ashtamudi Lake, Ramsar site No. 1204, that comprised 68 species of finfishes, 5 species of crabs, 9 species of prawns and 9 species molluscs. The majority of them were marine forms. The once very rich f i...
| Egile nagusia: | |
|---|---|
| Formatua: | Printed Book |
| Argitaratua: |
Journal of Aquatic Biology & Fisheries
2014
|
| Gaiak: | |
| Sarrera elektronikoa: | http://10.26.1.76/ks/004936.pdf |
| LEADER | 01122nam a22001457a 4500 | ||
|---|---|---|---|
| 100 | |a Vimal Raj, R.V; Binushma Raju; Soumya, W; Shibu A; Lekshmi, S; Shibu Vardhanan; Sruthi, S and Tresa Radhakrishnan |9 23174 | ||
| 245 | |a AQUATIC BIORESOURCES OF ASHTAMUDI LAKE, RAMSAR SITE, KERALA | ||
| 260 | |b Journal of Aquatic Biology & Fisheries |c 2014 | ||
| 300 | |a p.297-303 |b Vol. 2(1) 2014 | ||
| 520 | |a Ninety one species of f ishes and shellf ishes belonging to 39 families were collected from the Ashtamudi Lake, Ramsar site No. 1204, that comprised 68 species of finfishes, 5 species of crabs, 9 species of prawns and 9 species molluscs. The majority of them were marine forms. The once very rich f ishery resources of the Lake has considerably declined over the years. Pollution, sand mining reclamation, loss of mangrove habitat and destructive fishing methods are the main reasons for loss of f ishery diversity in the Lake. | ||
| 650 | |a BACKWATERS; |a THOOPUMPADALAM |9 23175 | ||
| 856 | |u http://10.26.1.76/ks/004936.pdf | ||
| 942 | |c KS | ||
| 999 | |c 75262 |d 75262 | ||
| 952 | |0 0 |1 0 |4 0 |7 0 |9 67245 |a MGUL |b MGUL |d 2015-11-13 |l 0 |r 2015-11-13 |w 2015-11-13 |y KS | ||